[Event "ITA-chT GpA 54th"]
[Site "Bacoli"]
[Date "2023.04.28"]
[Round "6"]
[White "Navarro, Stefano"]
[Black "Podetti, Davide"]
[Result "0-1"]
[WhiteElo "2246"]
[BlackElo "2281"]
[PlyCount "31"]
[EventDate "2023.04.25"]
[EventType "team-tourn"]
[EventRounds "7"]
[EventCountry "ITA"]
[SourceTitle "CBM 213 Extra"]
[Source "ChessBase"]
[SourceDate "2023.05.31"]
[SourceVersion "1"]
[SourceVersionDate "2023.05.31"]
[SourceQuality "1"]
[WhiteTeam "Il Grifone Di Arzignano"]
[BlackTeam "Cerianese Scacchistica"]
[WhiteTeamCountry "ITA"]
[BlackTeamCountry "ITA"]

1. e4 e5 2. Nf3 Nc6 3. c3 d5 4. Qa4 f6 5. Bb5 Nge7 6. exd5 Qxd5 7. 0-0 Be6 8. d4 exd4 9. cxd4 0-0-0 10. Nc3 Qh5 11. Be3 a6 12. Bxa6 bxa6 13. Qxa6+ Kd7 14. d5 Nxd5 15. Rfd1 Bd6 16. Nd4 0-1

[Event "Padova CIS Serie A2/3 43rd"]
[Site "Padova"]
[Date "2011.02.20"]
[Round "1.3"]
[White "Navarro, Stefano"]
[Black "Pastres, Roberto"]
[Result "0-1"]
[WhiteElo "2276"]
[BlackElo "2150"]
[PlyCount "64"]
[EventDate "2011.02.20"]
[EventType "team"]
[EventRounds "1"]
[EventCountry "ITA"]
[SourceTitle "EXT 2024"]
[Source "ChessBase"]
[SourceDate "2023.10.10"]
[SourceVersion "1"]
[SourceVersionDate "2023.10.10"]
[SourceQuality "1"]

1. e4 c5 2. Nf3 e6 3. d3 Nc6 4. g3 d5 5. Nbd2 g6 6. Bg2 Bg7 7. 0-0 Nge7 8. Re1 0-0 9. c3 e5 10. exd5 Nxd5 11. Nc4 Re8 12. Ng5 h6 13. Ne4 Bf8 14. Ned6 Nxc3 15. bxc3 Bxd6 16. Bxh6 Kh7 17. Bd2 Bc7 18. Qf3 Bf5 19. Bf1 Qd7 20. Qe3 b5 21. Nb2 b4 22. cxb4 cxb4 23. Rac1 Nd4 24. Bg2 Rab8 25. Qh6+ Kg8 26. Bg5 Bd8 27. Nc4 Bxd3 28. Nxe5 Rxe5 29. Rxe5 Ne2+ 30. Rxe2 Bxe2 31. Bf4 Rc8 32. Rxc8 Qd1+ 0-1

[Event "EU-Cup 26th"]
[Site "Plovdiv"]
[Date "2010.10.23"]
[Round "7.5"]
[White "Navarro, Stefano"]
[Black "Kizov, Atanas"]
[Result "1-0"]
[WhiteElo "2274"]
[BlackElo "2389"]
[PlyCount "39"]
[EventDate "2010.10.17"]
[EventType "team-swiss"]
[EventRounds "7"]
[EventCountry "BUL"]
[SourceTitle "CBM 139"]
[Source "ChessBase"]
[SourceDate "2010.11.18"]
[SourceVersion "1"]
[SourceVersionDate "2010.11.18"]
[SourceQuality "1"]
[WhiteTeam "Padova"]
[BlackTeam "Skopje"]
[WhiteTeamCountry "ITA"]
[BlackTeamCountry "MKD"]

1. e4 e5 2. Nf3 Nc6 3. Bc4 Nf6 4. d3 d6 5. Ng5 d5 6. exd5 b5 7. Bxb5 Qxd5 8. Bxc6+ Qxc6 9. Qf3 Qxc2 10. Nc3 Bc5 11. Qc6+ Nd7 12. Nge4 Bd4 13. Qxa8 Nb6 14. Qc6+ Bd7 15. Qxc7 Qxd3 16. Nd6+ Ke7 17. Bg5+ f6 18. Rd1 Qg6 19. 0-0 Qxg5 20. Rxd4 1-0

[Event "EU-Cup 26th"]
[Site "Plovdiv"]
[Date "2010.10.17"]
[Round "1.5"]
[White "Najer, Evgeniy"]
[Black "Navarro, Stefano"]
[Result "1-0"]
[WhiteElo "2657"]
[BlackElo "2274"]
[PlyCount "81"]
[EventDate "2010.10.17"]
[EventType "team-swiss"]
[EventRounds "7"]
[EventCountry "BUL"]
[SourceTitle "CBM 139"]
[Source "ChessBase"]
[SourceDate "2010.11.18"]
[SourceVersion "1"]
[SourceVersionDate "2010.11.18"]
[SourceQuality "1"]
[WhiteTeam "Moscow ShSM-64"]
[BlackTeam "Padova"]
[WhiteTeamCountry "RUS"]
[BlackTeamCountry "ITA"]

1. e4 e5 2. Nf3 d6 3. d4 exd4 4. Nxd4 Nf6 5. Nc3 Be7 6. Be2 0-0 7. 0-0 Re8 8. f4 Bf8 9. Bf3 c6 10. Re1 Qc7 11. Be3 Nbd7 12. Bf2 Nc5 13. Nb3 Nxb3 14. axb3 a6 15. g4 Nd7 16. Qd2 b5 17. Rad1 Bb7 18. e5 d5 19. g5 Bc5 20. Ne2 Bxf2+ 21. Kxf2 Rad8 22. Ng3 Nb6 23. Nf5 Nc8 24. b4 a5 25. bxa5 c5 26. Ra1 d4 27. Bxb7 Qxb7 28. a6 Qd7 29. Qd3 c4 30. Qe4 Qa7 31. Qb7 Qc5 32. a7 d3+ 33. Kg2 Nb6 34. cxd3 cxd3 35. Rec1 Qd5+ 36. Qxd5 Nxd5 37. Kf3 Nb6 38. Nd6 Rf8 39. Nxb5 d2 40. Rd1 Nc4 41. Nd6 1-0

[Event "Chioggia op-A 03rd"]
[Site "Chioggia"]
[Date "2008.10.12"]
[Round "5"]
[White "Navarro, Stefano"]
[Black "Quaranta, Cristiano"]
[Result "1-0"]
[WhiteElo "2271"]
[BlackElo "2136"]
[PlyCount "85"]
[EventDate "2008.10.10"]
[EventType "swiss"]
[EventRounds "5"]
[EventCountry "ITA"]
[SourceTitle "EXT 2022"]
[Source "ChessBase"]
[SourceDate "2021.10.06"]
[SourceVersion "1"]
[SourceVersionDate "2021.10.06"]
[SourceQuality "1"]

1. e4 e6 2. d4 d5 3. exd5 exd5 4. c4 Bb4+ 5. Nc3 Ne7 6. Bd3 Nbc6 7. Nge2 0-0 8. 0-0 dxc4 9. Bxc4 Bf5 10. a3 Bxc3 11. bxc3 Na5 12. Ba2 Be6 13. Bxe6 fxe6 14. Nf4 Qd6 15. Qg4 Nf5 16. a4 Nc4 17. Qe2 Na5 18. Qxe6+ Qxe6 19. Nxe6 Rf6 20. Nc5 b6 21. Ne4 Re6 22. f3 Nb3 23. Rb1 Nxc1 24. Rfxc1 Nd6 25. Nxd6 cxd6 26. Kf2 Rc8 27. Rb5 Rc4 28. Rb4 Rc7 29. Rb2 d5 30. Rb5 Rd6 31. a5 Kf7 32. axb6 axb6 33. Ke3 Ke6 34. Kd3 Rdc6 35. Rb3 Kd7 36. Rb2 Rg6 37. g3 Rf6 38. f4 Rh6 39. Rb5 Kc6 40. Rb2 Rd7 41. Re2 Kd6 42. f5 Rf7 43. Re6+ 1-0

[Event "Chioggia op-A 03rd"]
[Site "Chioggia"]
[Date "2008.10.11"]
[Round "3"]
[White "Navarro, Stefano"]
[Black "Dragojlovic, Andjelko"]
[Result "1/2-1/2"]
[WhiteElo "2271"]
[BlackElo "2393"]
[PlyCount "77"]
[EventDate "2008.10.10"]
[EventType "swiss"]
[EventRounds "5"]
[EventCountry "ITA"]
[SourceTitle "EXT 2022"]
[Source "ChessBase"]
[SourceDate "2021.10.06"]
[SourceVersion "1"]
[SourceVersionDate "2021.10.06"]
[SourceQuality "1"]

1. e4 g6 2. d4 Bg7 3. Nc3 d6 4. Nf3 a6 5. a4 b6 6. Bc4 e6 7. 0-0 Ne7 8. Re1 Nd7 9. Bg5 h6 10. Bxe7 Qxe7 11. Nd5 Qd8 12. Nf4 Nf6 13. e5 dxe5 14. Nxe5 0-0 15. Qf3 Bd7 16. Rad1 c6 17. Bb3 Nd5 18. c4 Nxf4 19. Qxf4 Ra7 20. d5 Qb8 21. dxe6 Bxe6 22. Nxg6 Qxf4 23. Nxf4 Bf5 24. Re2 Rb8 25. Bc2 Bg4 26. f3 Bd7 27. Nh5 Be6 28. Nxg7 Kxg7 29. b3 b5 30. cxb5 axb5 31. Rd6 c5 32. axb5 Rxb5 33. Rc6 Ra2 34. Kf2 Rba5 35. Ke3 Rb2 36. Bd1 Rb1 37. Bc2 Rb2 38. Bd1 Rb1 39. Bc2 1/2-1/2

[Event "Porto San Giorgio op 20th"]
[Site "Porto San Giorgio"]
[Date "2008.08.29"]
[Round "9"]
[White "Navarro, Stefano"]
[Black "Dragojlovic, Andjelko"]
[Result "1/2-1/2"]
[WhiteElo "2259"]
[BlackElo "2400"]
[PlyCount "121"]
[EventDate "2008.08.21"]
[EventType "swiss"]
[EventRounds "9"]
[EventCountry "ITA"]
[SourceTitle "CBM 126 Extra"]
[Source "ChessBase"]
[SourceDate "2008.11.05"]
[SourceVersion "1"]
[SourceVersionDate "2008.11.05"]
[SourceQuality "1"]

1. e4 c5 2. Nf3 d6 3. d4 cxd4 4. Nxd4 Nf6 5. Nc3 g6 6. Be2 Bg7 7. Be3 Nc6 8. Nb3 0-0 9. f4 a6 10. 0-0 Be6 11. Kh1 Rc8 12. Bf3 b5 13. Nd5 Nd7 14. c3 a5 15. a4 b4 16. Rc1 bxc3 17. bxc3 Rb8 18. Re1 Rb7 19. Be2 Nf6 20. Bb5 Nb8 21. Bg1 Bd7 22. c4 Nc6 23. Qd2 Nxd5 24. exd5 Nb4 25. Bd4 Bxd4 26. Nxd4 Rc7 27. f5 Bxf5 28. Nxf5 gxf5 29. Qg5+ Kh8 30. Qxf5 e5 31. dxe6 fxe6 32. Qe4 e5 33. c5 Rf4 34. Qe3 Nd5 35. Qd2 Rxc5 36. Rxc5 dxc5 37. Rxe5 Qf6 38. Re8+ Kg7 39. Re1 Qc3 40. Re7+ Kf6 41. Qe1 Qxe1+ 42. Rxe1 Nc3 43. g3 Rb4 44. Bc6 Nxa4 45. Ra1 Nb2 46. Rxa5 c4 47. Be4 h6 48. Bc2 Rb6 49. Rh5 Ke7 50. Kg2 Rd6 51. Kf3 Rd2 52. Re5+ Kd6 53. Re2 Rd5 54. Ke3 Kc5 55. Rd2 Rxd2 56. Kxd2 Kd4 57. g4 c3+ 58. Kc1 Nc4 59. h4 Ke5 60. g5 hxg5 61. hxg5 1/2-1/2

[Event "Padova op-A 10th"]
[Site "Padova"]
[Date "2007.12.16"]
[Round "2.1"]
[White "Navarro, Stefano"]
[Black "Lazic, Miroljub"]
[Result "0-1"]
[WhiteElo "2258"]
[BlackElo "2492"]
[PlyCount "72"]
[EventDate "2007.12.15"]
[EventType "swiss"]
[EventRounds "9"]
[EventCountry "ITA"]
[SourceTitle "EXT 2024"]
[Source "ChessBase"]
[SourceDate "2023.10.10"]
[SourceVersion "1"]
[SourceVersionDate "2023.10.10"]
[SourceQuality "1"]

1. e4 d5 2. exd5 Qxd5 3. Nc3 Qd8 4. Bc4 c6 5. d4 Nf6 6. Nf3 Bf5 7. Ne5 e6 8. g4 Bg6 9. Bg5 Qb6 10. Bb3 Nbd7 11. Nxd7 Nxd7 12. Qe2 h6 13. Bh4 Bd6 14. 0-0-0 0-0 15. Bg3 Qc7 16. Qd2 b5 17. Bxd6 Qxd6 18. h4 a5 19. h5 a4 20. hxg6 axb3 21. gxf7+ Rxf7 22. cxb3 b4 23. Na4 Raf8 24. Rhf1 Rf4 25. Qc2 Qd5 26. Qc4 Rxg4 27. Qxb4 e5 28. Nc3 Qf7 29. Qd6 Rg2 30. Qc7 Qf4+ 31. Kb1 Qf5+ 32. Ka1 exd4 33. Rxd4 Ne5 34. Rfd1 Ng4 35. Rd8 Kh7 36. Rxf8 Qxf8 0-1

[Event "ITA-ch U20"]
[Site "Fiuggi"]
[Date "2007.07.24"]
[Round "7"]
[White "Brunello, Sabino"]
[Black "Navarro, Stefano"]
[Result "1-0"]
[WhiteElo "2475"]
[BlackElo "2242"]
[PlyCount "129"]
[EventDate "2007.07.18"]
[EventType "swiss"]
[EventRounds "9"]
[EventCountry "ITA"]
[SourceTitle "CBM 119 Extra"]
[Source "ChessBase"]
[SourceDate "2007.09.04"]
[SourceVersion "1"]
[SourceVersionDate "2007.09.04"]
[SourceQuality "1"]

1. e4 e5 2. Nf3 Nc6 3. d4 exd4 4. Nxd4 Nf6 5. Nc3 Bb4 6. Nxc6 bxc6 7. Bd3 d5 8. exd5 cxd5 9. 0-0 0-0 10. Bg5 c6 11. Na4 Be7 12. Re1 Re8 13. c3 Be6 14. Bc2 Nd7 15. Be3 Bd6 16. Qh5 g6 17. Qh6 Bf8 18. Qf4 Qf6 19. Qg3 Be7 20. Rad1 Qh4 21. Qc7 Rec8 22. Qg3 Qxg3 23. hxg3 Bf8 24. Bb3 Rd8 25. f3 h5 26. Rd2 a6 27. Bc2 Re8 28. Kf2 Bg7 29. Red1 Rab8 30. Bd3 a5 31. Bf1 Bf8 32. b3 Rbd8 33. Ba6 Nb8 34. Bf1 Nd7 35. Bf4 Ra8 36. c4 Bb4 37. cxd5 Bxd5 38. Rc2 Nf8 39. Nb6 Ra7 40. Nxd5 cxd5 41. Rxd5 Ne6 42. Be5 Raa8 43. Rd1 Rad8 44. Rxd8 Rxd8 45. Bf6 Re8 46. Ba6 Bc5+ 47. Kf1 Bd6 48. Rc8 Rxc8 49. Bxc8 Bxg3 50. Bxe6 fxe6 51. Bd8 Kf7 52. Bxa5 Ke7 53. Bb4+ Kd7 54. Ke2 Kc6 55. a4 Bc7 56. Bd2 Kc5 57. Kd3 Bd6 58. b4+ Kb6 59. Kc4 Be7 60. a5+ Kc6 61. b5+ Kb7 62. a6+ Kc7 63. Bf4+ Kb6 64. Be3+ Kc7 65. b6+ 1-0

[Event "ITA-ch U20"]
[Site "Fiuggi"]
[Date "2007.07.22"]
[Round "5"]
[White "Navarro, Stefano"]
[Black "Rombaldoni, Axel"]
[Result "1-0"]
[WhiteElo "2242"]
[BlackElo "2269"]
[PlyCount "115"]
[EventDate "2007.07.18"]
[EventType "swiss"]
[EventRounds "9"]
[EventCountry "ITA"]
[SourceTitle "CBM 119 Extra"]
[Source "ChessBase"]
[SourceDate "2007.09.04"]
[SourceVersion "1"]
[SourceVersionDate "2007.09.04"]
[SourceQuality "1"]

1. e4 c5 2. Nf3 d6 3. d4 cxd4 4. Nxd4 Nf6 5. Nc3 Bd7 6. Bg5 e6 7. Qd2 a6 8. 0-0-0 h6 9. Bxf6 Qxf6 10. f4 Nc6 11. Nxc6 Bxc6 12. Bd3 g5 13. Rhf1 Bg7 14. Rde1 gxf4 15. Rxf4 Qe5 16. Qf2 Rf8 17. Rf1 0-0-0 18. Qb6 Qd4 19. Qxd4 Bxd4 20. Rxf7 Rxf7 21. Rxf7 d5 22. exd5 exd5 23. Nd1 Bg1 24. h4 Bh2 25. g4 Bg3 26. h5 d4 27. b3 Bh4 28. Nb2 b5 29. Bf5+ Kb8 30. Nd3 Bg5+ 31. Kb2 Re8 32. Nc5 Re7 33. Nxa6+ Ka7 34. Rxe7+ Bxe7 35. Nc7 Bf6 36. Kc1 Kb6 37. Ne6 Bd5 38. Nf8 Kc6 39. Bd7+ Kc5 40. a3 Kd6 41. Bf5 Kc6 42. Ng6 Bf7 43. Kd2 Kd6 44. Kd3 Be8 45. Nf4 b4 46. a4 Bf7 47. Ne2 Kc5 48. Ng3 Bd5 49. Be4 Be6 50. Nf5 Bc8 51. Ke2 Bg5 52. Bd3 Kb6 53. Kf3 Kc5 54. a5 Bb7+ 55. Ke2 Ba8 56. a6 Bd5 57. Kf2 Bf4 58. Be2 1-0

[Event "Padova CIS Serie A2/3 39th"]
[Site "Padova"]
[Date "2007.04.15"]
[Round "5.3"]
[White "Rorato, Giovanni"]
[Black "Navarro, Stefano"]
[Result "0-1"]
[WhiteElo "2057"]
[BlackElo "2200"]
[PlyCount "59"]
[EventDate "2007.04.15"]
[EventType "team"]
[EventRounds "5"]
[EventCountry "ITA"]
[SourceTitle "EXT 2024"]
[Source "ChessBase"]
[SourceDate "2023.10.10"]
[SourceVersion "1"]
[SourceVersionDate "2023.10.10"]
[SourceQuality "1"]

1. d4 d5 2. c4 e6 3. Nc3 Nf6 4. cxd5 exd5 5. Bg5 Be7 6. e3 c6 7. Qc2 Nbd7 8. Bd3 0-0 9. Nge2 Re8 10. 0-0 Nf8 11. f3 Ng6 12. e4 dxe4 13. fxe4 Bg4 14. Rae1 Bxe2 15. Nxe2 Ng4 16. Bxe7 Rxe7 17. Qd2 Qd6 18. e5 N6xe5 19. dxe5 Qc5+ 20. Kh1 Nf2+ 21. Rxf2 Qxf2 22. Rd1 Rxe5 23. Qc2 f5 24. Ng3 Qe3 25. Qb3+ Kh8 26. h3 Rd5 27. Bc2 Qxb3 28. Bxb3 Rxd1+ 29. Bxd1 Rd8 30. Bf3 0-1

[Event "Padova op 9th"]
[Site "Padova"]
[Date "2006.12.24"]
[Round "9"]
[White "Dvirnyy, Danyyil"]
[Black "Navarro, Stefano"]
[Result "1/2-1/2"]
[WhiteElo "2323"]
[BlackElo "2228"]
[PlyCount "184"]
[EventDate "2006.12.16"]
[EventType "swiss"]
[EventRounds "9"]
[EventCountry "ITA"]
[SourceTitle "EXT 2011"]
[Source "ChessBase"]
[SourceDate "2010.11.26"]
[SourceVersion "1"]
[SourceVersionDate "2010.11.26"]
[SourceQuality "1"]

1. e4 e5 2. Nf3 d6 3. d4 Nf6 4. Nc3 Nbd7 5. Bc4 Be7 6. 0-0 c6 7. a4 0-0 8. Re1 Qc7 9. b3 Nb6 10. Be2 Re8 11. a5 Nbd7 12. d5 Nc5 13. Bf1 Bg4 14. b4 Ncd7 15. a6 bxa6 16. Rxa6 cxd5 17. Nxd5 Nxd5 18. exd5 f5 19. h3 Bh5 20. g4 fxg4 21. Ng5 Bxg5 22. Bxg5 Nf6 23. Rc6 Qf7 24. Qd2 gxh3 25. Bxh3 Qg6 26. Bg2 h6 27. Bxf6 Bf3 28. Bg5 Bxg2 29. Kxg2 hxg5 30. Re3 g4 31. Qd3 e4 32. Qd4 Re7 33. c4 Rf8 34. Ra6 Qf5 35. Ra2 Rf6 36. c5 Qf4 37. c6 Rh6 38. Rg3 Qc1 39. Ra1 Qc2 40. Qc3 Qxc3 41. Rxc3 Rc7 42. b5 Kf7 43. Rxa7 Rxa7 44. b6 Ra8 45. b7 Rhh8 46. c7 Rac8 47. bxc8Q Rxc8 48. Rc6 Ke7 49. Rc4 Kd7 50. Rxe4 Rxc7 51. Rxg4 Ke8 52. Rg6 Rc5 53. Rxd6 Ke7 54. Re6+ Kf7 55. Re5 Kf6 56. f4 Rc3 57. Kf2 Ra3 58. Ke2 Rb3 59. Re3 Rb5 60. Rd3 Ke7 61. Ke3 Kd6 62. Ke4 Rb1 63. Rg3 Re1+ 64. Kf5 Re7 65. Rd3 Rf7+ 66. Kg5 Rf6 67. f5 Rf7 68. Rd1 Ra7 69. Kg6 Rb7 70. Kh7 Rf7 71. Kg6 Rf6+ 72. Kg5 Rf7 73. Rd4 Re7 74. Kg6 Rb7 75. Rh4 Kxd5 76. Rh7 Rb6+ 77. Kg5 Rb7 78. Rh5 Ke5 79. Kg6 Kf4 80. Rh4+ Ke5 81. Rh1 Rb6+ 82. Kg5 Rb7 83. Re1+ Kd5 84. Kg6 Ra7 85. Re8 Rb7 86. Re6 Ra7 87. Re3 Rb7 88. Rh3 Ke5 89. Rh8 Rb6+ 90. Kg5 Rb7 91. Rh7 Rf7 92. Kg6 Rxf5 1/2-1/2

[Event "Padova op 9th"]
[Site "Padova"]
[Date "2006.12.20"]
[Round "5"]
[White "Dragojlovic, Andjelko"]
[Black "Navarro, Stefano"]
[Result "1-0"]
[WhiteElo "2383"]
[BlackElo "2228"]
[PlyCount "87"]
[EventDate "2006.12.16"]
[EventType "swiss"]
[EventRounds "9"]
[EventCountry "ITA"]
[SourceTitle "EXT 2011"]
[Source "ChessBase"]
[SourceDate "2010.11.26"]
[SourceVersion "1"]
[SourceVersionDate "2010.11.26"]
[SourceQuality "1"]

1. e4 e5 2. Nc3 Nf6 3. g3 Bc5 4. Bg2 a6 5. Nf3 d6 6. d4 exd4 7. Nxd4 0-0 8. h3 Bd7 9. 0-0 Nc6 10. Nb3 Ba7 11. Bg5 h6 12. Bf4 Re8 13. Kh2 Ne5 14. Nd4 Ng6 15. Be3 Bc5 16. a3 a5 17. Qd2 Rb8 18. Rab1 Ne5 19. Qe2 Nc6 20. Nxc6 Bxc6 21. Bxc5 dxc5 22. Rbd1 Qe7 23. Rfe1 Rbd8 24. e5 Rxd1 25. Qxd1 Bxg2 26. Kxg2 Qe6 27. f4 Nd7 28. Qf3 Qb6 29. b3 Nf8 30. f5 c4 31. Nd5 Qc5 32. b4 axb4 33. axb4 Qd4 34. c3 Qd2+ 35. Re2 Qd1 36. Nxc7 Rd8 37. e6 Rd2 38. Kf2 fxe6 39. fxe6 Ng6 40. Qe4 Rxe2+ 41. Qxe2 Qd6 42. Qxc4 Ne5 43. Qd5 Nd3+ 44. Ke2 1-0

[Event "Padova op 9th"]
[Site "Padova"]
[Date "2006.12.19"]
[Round "4"]
[White "Navarro, Stefano"]
[Black "Litrico, Paolo"]
[Result "1-0"]
[WhiteElo "2228"]
[BlackElo "1691"]
[PlyCount "75"]
[EventDate "2006.12.16"]
[EventType "swiss"]
[EventRounds "9"]
[EventCountry "ITA"]
[SourceTitle "EXT 2011"]
[Source "ChessBase"]
[SourceDate "2010.11.26"]
[SourceVersion "1"]
[SourceVersionDate "2010.11.26"]
[SourceQuality "1"]

1. e4 g6 2. d4 Bg7 3. Nc3 d6 4. Nf3 Nf6 5. h3 0-0 6. Be3 Nbd7 7. Bc4 a6 8. a4 Nb6 9. Bb3 Be6 10. Bxe6 fxe6 11. Qe2 Qd7 12. a5 Nc8 13. 0-0 Na7 14. Rfe1 Nh5 15. Qc4 c6 16. Ne2 d5 17. Qd3 Nb5 18. e5 Nc7 19. Bd2 Bh8 20. Ng5 Ng7 21. g4 Qe8 22. h4 h6 23. Nh3 Qf7 24. Bxh6 Qf3 25. Qxf3 Rxf3 26. Kg2 Raf8 27. Bf4 Rxh3 28. Kxh3 Kh7 29. Be3 Rb8 30. b3 b6 31. axb6 Rxb6 32. Ra5 Nb5 33. Rea1 Nc7 34. Nc3 Nge8 35. Na4 Rb8 36. Nc5 Kg7 37. Nxa6 Nb5 38. Nxb8 1-0

[Event "Padova op 9th"]
[Site "Padova"]
[Date "2006.12.16"]
[Round "1"]
[White "De Marchi, Alessandro"]
[Black "Navarro, Stefano"]
[Result "0-1"]
[WhiteElo "1570"]
[BlackElo "2228"]
[PlyCount "52"]
[EventDate "2006.12.16"]
[EventType "swiss"]
[EventRounds "9"]
[EventCountry "ITA"]
[SourceTitle "EXT 2011"]
[Source "ChessBase"]
[SourceDate "2010.11.26"]
[SourceVersion "1"]
[SourceVersionDate "2010.11.26"]
[SourceQuality "1"]

1. d4 d5 2. c4 e6 3. Nc3 Nf6 4. e3 c6 5. a3 Nbd7 6. Nf3 Bd6 7. Bd3 0-0 8. Qe2 e5 9. dxe5 Nxe5 10. Nxe5 Bxe5 11. h3 Re8 12. 0-0 d4 13. Nd1 Bc7 14. Qc2 dxe3 15. Nxe3 Qd6 16. f4 Qd4 17. Qc3 Qxc3 18. bxc3 Bb6 19. Rf3 Ne4 20. Bxe4 Rxe4 21. Kh2 Be6 22. f5 Bxc4 23. Nxc4 Rxc4 24. Bf4 Rd8 25. a4 Rxf4 26. Rxf4 Bc7 0-1

[Event "ITA-ch U20"]
[Site "Bratto"]
[Date "2006.08.26"]
[Round "8"]
[White "Ronchetti, Niccolo"]
[Black "Navarro, Stefano"]
[Result "1-0"]
[WhiteElo "2421"]
[BlackElo "2224"]
[PlyCount "69"]
[EventDate "2006.08.19"]
[EventType "swiss"]
[EventRounds "9"]
[EventCountry "ITA"]
[SourceTitle "CBM 113 Extra"]
[Source "ChessBase"]
[SourceDate "2006.09.14"]
[SourceVersion "1"]
[SourceVersionDate "2006.09.14"]
[SourceQuality "1"]

1. e4 e5 2. Nf3 Nc6 3. Bb5 a6 4. Ba4 f5 5. d4 exd4 6. e5 Bc5 7. c3 dxc3 8. Nxc3 Nge7 9. Bb3 d5 10. 0-0 0-0 11. Nxd5 Nxd5 12. Bxd5+ Kh8 13. Ng5 Qe8 14. e6 Nd8 15. Re1 h6 16. Nf7+ Kh7 17. Nxd8 Qxd8 18. Bf4 c6 19. Bb3 Qe7 20. Rc1 Bb4 21. Re2 Re8 22. a3 Ba5 23. Qc2 Qf6 24. Qc5 Bd8 25. Rce1 Be7 26. Qc2 g6 27. h3 Qd4 28. Qc1 g5 29. Be5 Qb6 30. Bc2 Bxe6 31. Bc3 Bc5 32. b4 Bxf2+ 33. Rxf2 Bd7 34. Rd1 Rad8 35. Rxd7+ 1-0

[Event "ITA-ch U20"]
[Site "Bratto"]
[Date "2006.08.20"]
[Round "2"]
[White "Locci, Damiano"]
[Black "Navarro, Stefano"]
[Result "1/2-1/2"]
[WhiteElo "1976"]
[BlackElo "2224"]
[PlyCount "46"]
[EventDate "2006.08.19"]
[EventType "swiss"]
[EventRounds "9"]
[EventCountry "ITA"]
[SourceTitle "CBM 113 Extra"]
[Source "ChessBase"]
[SourceDate "2006.09.14"]
[SourceVersion "1"]
[SourceVersionDate "2006.09.14"]
[SourceQuality "1"]

1. e4 e5 2. Nf3 d6 3. Bc4 Be7 4. 0-0 Nf6 5. Re1 0-0 6. h3 c6 7. Bb3 Nbd7 8. c3 b5 9. d3 Qc7 10. Bg5 Nc5 11. Bc2 Ne6 12. Bc1 Re8 13. d4 Nf8 14. Nbd2 Ng6 15. Nf1 h6 16. Ng3 Nh7 17. Nf5 Bf6 18. a4 Bd7 19. axb5 cxb5 20. dxe5 dxe5 21. Qd6 Qxd6 22. Nxd6 Rf8 23. Ra6 Ne7 1/2-1/2

[Event "ITA-ch U20"]
[Site "Bratto"]
[Date "2006.08.19"]
[Round "1"]
[White "Navarro, Stefano"]
[Black "Battistelli, Alessandro"]
[Result "1-0"]
[WhiteElo "2224"]
[BlackElo "1872"]
[PlyCount "53"]
[EventDate "2006.08.19"]
[EventType "swiss"]
[EventRounds "9"]
[EventCountry "ITA"]
[SourceTitle "CBM 113 Extra"]
[Source "ChessBase"]
[SourceDate "2006.09.14"]
[SourceVersion "1"]
[SourceVersionDate "2006.09.14"]
[SourceQuality "1"]

1. e4 e6 2. d3 d5 3. Nd2 Bc5 4. Ngf3 Nc6 5. c3 d4 6. Nb3 Bb6 7. Nbxd4 Nxd4 8. Nxd4 Bxd4 9. Qa4+ c6 10. cxd4 b5 11. Qb4 a5 12. Qc5 Qd7 13. Be2 Ne7 14. Bg5 f6 15. Bh5+ Kf8 16. Bf4 Bb7 17. 0-0 Rd8 18. Be3 g6 19. Be2 Kg7 20. a4 Ra8 21. f4 b4 22. Bg4 f5 23. Bf3 h5 24. Qe5+ Kf7 25. Rac1 Rhc8 26. Rc5 Qd8 27. Bf2 1-0